00686nam a2200205Ia 4500008004100000020001500041040001800056041000800074245009900082260004700181300001800228490001500246650002600261650001900287650002300306650002400329700002800353700003400381765006500415130821s2002 sp gr spa  a8420673420 aCo-BoUCMbspa00aspa10aCartas de Abelardo y Eloísactraducción y notas de Pedro R. Sanridrián y Manuela Astruga aMadrid (España)bAlianza Editorialc2002 a300 páginas aLiteratura04aAmor en la literatura04aCartas de amor04aLiteratura europea04aLiteratura francesa1 aAstruga, Manuelaetrad.1 aSantidrián, Pedro R.etrad.1 aHistoria calamitatum. petri abaelardi et heloissae epistolae